000 00896nam a22003017a 4500
003 CHAP
005 20220329133139.0
008 971013s1980 r 00010 d
010 _a2705
011 _a3677
035 _a2878
040 _cCHAP
090 _aFolleto 13724 (1980)
100 0 0 _aMcNair, Harold.
_973718
245 _aCromatografía líquida de alta presión
250 _a2. ed
260 _aWashington :
_bOrganización de los Estados Americanos,
_c1980
300 _a72 p.
_b: ilus
500 _aD46-247
590 _aBATCH-UPD
_b10
_c20130110
_lUCH01
_h1935
590 _aBATCH-UPD
_b10
_c20130410
_lUCH01
_h1259
590 _aBATCH-UPD
_b10
_c20130914
_lUCH01
_h0343
590 _aCONVERSION
_b10
_c20130109
_lUCH01
_h1303
650 1 4 _aAnálisis cromatográfico.
_95964
901 _aBK
942 _cFOLL
949 _aFolleto 13724 (1980)
_bBC
_cFOLL
_d-12386
_eTS1
_i2878
_mD
_si
999 _c2705
_d2705